| 000 | 00524nam a22002057a 4500 | ||
|---|---|---|---|
| 003 | OSt | ||
| 005 | 20260224140740.0 | ||
| 008 | 211122b ||||| |||| 00| 0 eng d | ||
| 020 | _a0340762233 | ||
| 040 | _cDDC | ||
| 082 | _a551.793GLO2003 | ||
| 100 |
_aMackay, Anson; [et....al] _915381 |
||
| 245 | _aGlobal Change in the Holocene | ||
| 260 |
_aLondon; _bArnold, _c2003 |
||
| 300 |
_axi,528; _bill; _c23cm |
||
| 504 | _aIncludes Index | ||
| 650 |
_aGeography _96447 |
||
| 650 |
_aHolocene _919544 |
||
| 942 |
_2ddc _cO_SHELF |
||
| 999 |
_c7514 _d7514 |
||